[Event "FIDE World Senior Team Championship 2020"]
[Site "Olympik hotel, Sokolovska 138,"]
[Date "2020.03.06"]
[Round "1.18"]
[White "Schwieger, Wolfgang"]
[Black "Kopsa, Petri"]
[Result "0-1"]
[WhiteElo "1835"]
[BlackElo "2085"]
[PlyCount "76"]
[EventDate "2020.03.06"]
[WhiteTeam "GER9"]
[BlackTeam "FIN"]

1. d4 Nf6 2. Nf3 e6 3. c4 d5 4. Nc3 Be7 5. e3 O-O 6. Be2 c6 7. O-O Nbd7 8. cxd5
exd5 9. b3 Bd6 10. Bb2 Re8 11. Bd3 Ne4 12. Qc2 f5 13. Ne2 Re6 14. Nf4 Rh6 15.
h4 Ndf6 16. g3 Ng4 17. Ne5 Bxe5 18. dxe5 g5 19. hxg5 Qxg5 20. Ng2 Ngxf2 21.
Rxf2 Nxg3 22. Rf3 Ne4 23. Bxe4 dxe4 24. Rf4 Be6 25. Rd1 Rh3 26. Qf2 Qh5 27. Qd2
Kf7 28. Qd6 Rh1+ 29. Kf2 Rxd1 30. Bd4 Rd2+ 31. Kg1 Qg5 32. Qc7+ Qe7 33. Qxe7+
Kxe7 34. Rh4 Rg8 35. Rxh7+ Bf7 36. Rh2 Rxa2 37. b4 b6 38. Kh1 Rc2 0-1

[Event "FIDE World Senior Team Championship 2020"]
[Site "Olympik hotel, Sokolovska 138,"]
[Date "2020.03.06"]
[Round "1.18"]
[White "Tahkavuori, Tapani"]
[Black "Carsten, Juergen"]
[Result "1/2-1/2"]
[WhiteElo "2064"]
[BlackElo "1781"]
[PlyCount "34"]
[EventDate "2020.03.06"]
[WhiteTeam "FIN"]
[BlackTeam "GER9"]

1. Nf3 d5 2. d4 g6 3. c4 c6 4. Nc3 Nf6 5. Bg5 Bg7 6. e3 O-O 7. Qb3 Ne4 8. Nxe4
dxe4 9. Nd2 Qc7 10. Nxe4 Bf5 11. Nc3 e5 12. d5 Na6 13. e4 Nc5 14. Qc2 Nxe4 15.
Nxe4 cxd5 16. Bd3 dxe4 17. Bxe4 Be6 1/2-1/2

[Event "FIDE World Senior Team Championship 2020"]
[Site "Olympik hotel, Sokolovska 138,"]
[Date "2020.03.06"]
[Round "1.19"]
[White "Vltavsky, Vladimir"]
[Black "Horak, Vladimir"]
[Result "0-1"]
[WhiteElo "2212"]
[BlackElo "1982"]
[PlyCount "122"]
[EventDate "2020.03.06"]
[WhiteTeam "CZE4"]
[BlackTeam "CZE14"]

1. e4 e6 2. d4 d5 3. e5 c5 4. c3 Nc6 5. Nf3 Qb6 6. Be2 Nge7 7. dxc5 Qc7 8. Bf4
Ng6 9. Bg3 Bxc5 10. Bb5 Bd7 11. Qe2 O-O 12. Bd3 d4 13. c4 Bb4+ 14. Kf1 Qa5 15.
h4 f5 16. exf6 Rxf6 17. Nbd2 Bxd2 18. Qxd2 Qxd2 19. Nxd2 Nce5 20. Be4 Bc6 21.
Bxc6 Nxc6 22. h5 Nf4 23. Bxf4 Rxf4 24. f3 Rc8 25. Ke2 Ne5 26. b3 Nd7 27. Rae1
e5 28. Ne4 Rc6 29. Kd3 Rh6 30. Rh3 Rf5 31. g4 Rf4 32. g5 Ra6 33. Re2 Rf5 34.
Rg2 Rc6 35. h6 g6 36. Rg4 Ra6 37. a4 Rb6 38. Kc2 a5 39. Rg1 Rc6 40. Rb1 Nf8 41.
Rg3 Nd7 42. Kd2 Rf4 43. b4 axb4 44. Rxb4 b6 45. a5 bxa5 46. Rb7 Rf7 47. Ra7 Nb6
48. Rxf7 Nxc4+ 49. Kd3 Nb2+ 50. Kd2 Kxf7 51. f4 Ke6 52. fxe5 Kxe5 53. Nf6 Rc7
54. Rb3 Nc4+ 55. Kd3 Nd6 56. Ra3 Ra7 57. Nxh7 Rxh7 58. Rxa5+ Kf4 59. Ra6 Nf7
60. Kxd4 Kxg5 61. Ra7 Kxh6 0-1

[Event "FIDE World Senior Team Championship 2020"]
[Site "Olympik hotel, Sokolovska 138,"]
[Date "2020.03.06"]
[Round "1.19"]
[White "Grecny, Karol"]
[Black "Marsalek, Zdenek"]
[Result "0-1"]
[WhiteElo "1839"]
[BlackElo "2177"]
[PlyCount "66"]
[EventDate "2020.03.06"]
[WhiteTeam "CZE14"]
[BlackTeam "CZE4"]

1. e4 d6 2. d4 Nf6 3. Nc3 e5 4. dxe5 dxe5 5. Qxd8+ Kxd8 6. Bg5 Be6 7. f4 exf4
8. Bxf4 Nbd7 9. Nf3 Bb4 10. Bd3 Re8 11. O-O h6 12. h3 c6 13. a3 Bc5+ 14. Kh1 a5
15. Ne2 Kc8 16. b4 Bb6 17. Bh2 Bc7 18. Ned4 Bxh2 19. Kxh2 Kc7 20. Nxe6+ Rxe6
21. Nd4 Re5 22. Rab1 axb4 23. axb4 h5 24. b5 c5 25. b6+ Nxb6 26. Nf3 Re7 27. e5
Nfd7 28. Be4 Ra4 29. Bd3 Nc4 30. Ng5 Ncxe5 31. Bb5 Rd4 32. Rbe1 f6 33. c3 Rd6
0-1

[Event "FIDE World Senior Team Championship 2020"]
[Site "Olympik hotel, Sokolovska 138,"]
[Date "2020.03.06"]
[Round "1.19"]
[White "Zahorbensky, Jaroslav"]
[Black "Maly, Dusan"]
[Result "1-0"]
[WhiteElo "2098"]
[BlackElo "1742"]
[PlyCount "65"]
[EventDate "2020.03.06"]
[WhiteTeam "CZE4"]
[BlackTeam "CZE14"]

1. e4 e6 2. d4 d5 3. e5 c5 4. c3 Nc6 5. Nf3 Qb6 6. Bd3 Nge7 7. dxc5 Qc7 8. Qe2
Ng6 9. Bxg6 hxg6 10. b4 Rh5 11. Bf4 Be7 12. Na3 a6 13. O-O g5 14. g4 Rh3 15.
Bg3 b5 16. Rfe1 Bb7 17. Nd4 O-O-O 18. Nac2 Rh6 19. a4 Nxd4 20. Nxd4 bxa4 21.
Rxa4 Kd7 22. c6+ Bxc6 23. Rxa6 Bb7 24. Qb5+ Kc8 25. Ra7 Qd7 26. Qa5 Qc7 27. Qa3
Rd7 28. Nb5 Qb8 29. Ra1 Bc6 30. Qa6+ Bb7 31. Qb6 Rh8 32. R7a2 Rhd8 33. Na7+ 1-0

[Event "FIDE World Senior Team Championship 2020"]
[Site "Olympik hotel, Sokolovska 138,"]
[Date "2020.03.06"]
[Round "1.19"]
[White "Laloucek, Miroslav"]
[Black "Sykora, Ondrej"]
[Result "0-1"]
[WhiteElo "1733"]
[BlackElo "2048"]
[PlyCount "74"]
[EventDate "2020.03.06"]
[WhiteTeam "CZE14"]
[BlackTeam "CZE4"]

1. d4 d6 2. g3 c6 3. Bg2 Bg4 4. c4 Nd7 5. Nc3 e5 6. dxe5 dxe5 7. a3 Ngf6 8. b4
a5 9. b5 Qc7 10. bxc6 bxc6 11. Be3 Rc8 12. Nf3 Be7 13. O-O O-O 14. Qc2 Nc5 15.
Nd2 Ne6 16. Nde4 Nd7 17. Rfd1 f5 18. f3 Bh5 19. Nf2 Bg6 20. Bc1 Nd4 21. Qa2 Nc5
22. e3 Ndb3 23. Rb1 Nxc1 24. Rbxc1 Rcd8 25. Rxd8 Rxd8 26. Rd1 Rxd1+ 27. Nfxd1
Bf7 28. Bf1 Qb6 29. Qb2 Qa7 30. Kf2 Be6 31. Nb1 e4 32. Qe5 exf3 33. Kxf3 Kf7
34. Nf2 Nd7 35. Qf4 Qb7 36. Bd3 g5 37. Qd4 c5+ 0-1

[Event "FIDE World Senior Team Championship 2020"]
[Site "Olympik hotel, Sokolovska 138,"]
[Date "2020.03.06"]
[Round "1.21"]
[White "Jakel, Wolfgang"]
[Black "Robertson, Ian C."]
[Result "1-0"]
[WhiteElo "2260"]
[BlackElo "2107"]
[PlyCount "51"]
[EventDate "2020.03.06"]
[WhiteTeam "GER4"]
[BlackTeam "SCO2"]

1. c4 e6 2. Nc3 d5 3. e3 Nf6 4. Nf3 Be7 5. Be2 O-O 6. O-O c5 7. cxd5 Nxd5 8. d4
cxd4 9. Nxd5 Qxd5 10. Nxd4 e5 11. Nf5 Qc5 12. Nxe7+ Qxe7 13. Bd2 Nc6 14. Bb5
Bd7 15. Qh5 a6 16. Ba4 Rac8 17. a3 Rfe8 18. Bc3 Qe6 19. Bc2 h6 20. h3 Na7 21.
a4 b5 22. Be4 b4 23. Bd2 a5 24. Rfd1 Qb3 25. Bxb4 Bxa4 26. Bc3 1-0

[Event "FIDE World Senior Team Championship 2020"]
[Site "Olympik hotel, Sokolovska 138,"]
[Date "2020.03.06"]
[Round "1.21"]
[White "Stevenson, James"]
[Black "Sandten, Ulrich"]
[Result "1/2-1/2"]
[WhiteElo "2020"]
[BlackElo "2100"]
[PlyCount "112"]
[EventDate "2020.03.06"]
[WhiteTeam "SCO2"]
[BlackTeam "GER4"]

1. e4 e6 2. Qe2 c5 3. b3 Nc6 4. Bb2 Nf6 5. Nf3 Be7 6. g3 O-O 7. Bg2 d5 8. d3 b5
9. O-O a5 10. Re1 a4 11. Nbd2 Ra7 12. Nf1 b4 13. h4 Bb7 14. e5 Ne8 15. N1h2 Nc7
16. Ng4 Nb5 17. h5 Ncd4 18. Nxd4 cxd4 19. f4 Qc7 20. Qf2 Bc8 21. Kh2 Nc3 22.
Qd2 Bd7 23. Bxc3 Qxc3 24. Qxc3 bxc3 25. Rab1 axb3 26. axb3 Ra2 27. Re2 Rfa8 28.
Nf2 Rb2 29. Rc1 Raa2 30. Bf3 Ba3 31. Kg2 Kf8 32. h6 gxh6 33. Ng4 Rxb3 34. Rh1
Rbb2 35. Nf6 Ba4 36. Rxh6 Rxc2 37. Rxc2 Rxc2+ 38. Kh3 Be7 39. Rxh7 Bxf6 40.
exf6 Kg8 41. Rg7+ Kf8 42. Bh5 Be8 43. Rh7 Kg8 44. Rg7+ Kh8 45. Bxf7 Bxf7 46.
Rxf7 Rd2 47. Rc7 Kg8 48. g4 Rxd3+ 49. Kh4 c2 50. Rxc2 Rc3 51. Rd2 Kf7 52. Kg5
Rc8 53. Rxd4 Rg8+ 54. Kh4 Kxf6 55. Kg3 Ra8 56. Rd3 Ra1 1/2-1/2

[Event "FIDE World Senior Team Championship 2020"]
[Site "Olympik hotel, Sokolovska 138,"]
[Date "2020.03.06"]
[Round "1.21"]
[White "Zimmermann, Rolf"]
[Black "Aird, Ian"]
[Result "1-0"]
[WhiteElo "2090"]
[BlackElo "1848"]
[PlyCount "83"]
[EventDate "2020.03.06"]
[WhiteTeam "GER4"]
[BlackTeam "SCO2"]

1. c4 e6 2. d4 d5 3. Nc3 Be7 4. Nf3 Nf6 5. Bg5 Nbd7 6. e3 h6 7. Bh4 O-O 8. Rc1
c5 9. cxd5 Nxd5 10. Bxe7 Qxe7 11. Nxd5 exd5 12. dxc5 Nxc5 13. Qxd5 Ne4 14. Rc4
Re8 15. Bd3 Nxf2 16. Kxf2 Qxe3+ 17. Kg3 Be6 18. Qe4 Qb6 19. Qd4 Bxc4 20. Qxb6
axb6 21. Bxc4 Re4 22. Bb3 Re2 23. Rc1 Rxb2 24. Rc7 Kh7 25. Bxf7 Ra3 26. Bb3
Raxb3 27. axb3 Rxb3 28. Rxb7 Kg6 29. h4 Kf6 30. Rc7 b5 31. Rc6+ Kf5 32. h5 Rb4
33. Rg6 Rc4 34. Rxg7 b4 35. Rb7 Ke6 36. Rb6+ Kd5 37. Rxh6 Kc5 38. Rh8 Kb5 39.
h6 Rc7 40. Rb8+ Kc4 41. Ng5 b3 42. h7 1-0

[Event "FIDE World Senior Team Championship 2020"]
[Site "Olympik hotel, Sokolovska 138,"]
[Date "2020.03.06"]
[Round "1.21"]
[White "Grant, Glynis"]
[Black "Hoehn, Michael"]
[Result "0-1"]
[WhiteElo "1249"]
[BlackElo "2036"]
[PlyCount "80"]
[EventDate "2020.03.06"]
[WhiteTeam "SCO2"]
[BlackTeam "GER4"]

1. e4 d6 2. f4 e5 3. Nf3 Nc6 4. Bb5 Bd7 5. Bxc6 Bxc6 6. Nc3 Nf6 7. d3 exf4 8.
O-O Be7 9. Bxf4 O-O 10. Qe1 Re8 11. Bd2 Bf8 12. Qh4 Be7 13. Qg3 Qd7 14. h3 Rad8
15. Rae1 Nh5 16. Qf2 f5 17. exf5 Qxf5 18. Qxa7 Qg6 19. Ne4 d5 20. Neg5 Bxg5 21.
Rxe8+ Rxe8 22. Nxg5 Ng3 23. Rf2 d4 24. Qc5 h6 25. Qc4+ Kh8 26. Qf7 Qxf7 27.
Nxf7+ Kg8 28. Kh2 Nh5 29. g4 Nf6 30. Nxh6+ gxh6 31. Bxh6 Nd5 32. g5 Kh7 33. Kg3
Kg6 34. h4 Re3+ 35. Kh2 Kh5 36. Bg7 Kxh4 37. Bxd4 Rh3+ 38. Kg1 Ne3 39. Rf4+ Kg3
40. g6 Rh1# 0-1

[Event "FIDE World Senior Team Championship 2020"]
[Site "Olympik hotel, Sokolovska 138,"]
[Date "2020.03.06"]
[Round "1.22"]
[White "Dettmann, Holger"]
[Black "Pieper, Thomas"]
[Result "1/2-1/2"]
[WhiteElo "2012"]
[BlackElo "2258"]
[PlyCount "53"]
[EventDate "2020.03.06"]
[WhiteTeam "GER11"]
[BlackTeam "GER5"]

1. d4 Nf6 2. Nc3 c5 3. d5 d6 4. e4 a6 5. a4 b6 6. Bf4 g6 7. Qd2 Nbd7 8. f3 h5
9. Nh3 Bg7 10. Nf2 Ne5 11. Be2 O-O 12. Bh6 Re8 13. Bxg7 Kxg7 14. O-O Qc7 15. b3
e6 16. Rad1 Bb7 17. f4 Ned7 18. dxe6 Rxe6 19. f5 Re7 20. fxg6 fxg6 21. Qxd6
Qxd6 22. Rxd6 Ne8 23. Rd2 Ne5 24. Rfd1 Nf6 25. Nd5 Bxd5 26. exd5 Nf7 27. Rf1
1/2-1/2

[Event "FIDE World Senior Team Championship 2020"]
[Site "Olympik hotel, Sokolovska 138,"]
[Date "2020.03.06"]
[Round "1.22"]
[White "Kempter, Ronald"]
[Black "Schroeter, Reinhard"]
[Result "1-0"]
[WhiteElo "2238"]
[BlackElo "1738"]
[PlyCount "73"]
[EventDate "2020.03.06"]
[WhiteTeam "GER5"]
[BlackTeam "GER11"]

1. Nf3 d5 2. e3 Nf6 3. c4 e6 4. b3 Be7 5. Bb2 O-O 6. Be2 Nbd7 7. Qc2 dxc4 8.
Bxc4 b6 9. d4 Re8 10. Bb5 Bb7 11. Bc6 Bxc6 12. Qxc6 Bd6 13. Ke2 Nd5 14. a3 Rc8
15. Nc3 Nxc3+ 16. Qxc3 Be7 17. Rhd1 Bf6 18. Qc6 Nb8 19. Qc2 Qe7 20. b4 c5 21.
dxc5 Bxb2 22. Qxb2 bxc5 23. b5 Red8 24. Rxd8+ Rxd8 25. Rd1 Rd5 26. e4 Rxd1 27.
Kxd1 Qd6+ 28. Qd2 Qxd2+ 29. Kxd2 Nd7 30. Kc3 Nb6 31. Ne5 Kf8 32. Nc6 Ke8 33.
Nxa7 Kd7 34. Nc6 Kd6 35. Na5 Kc7 36. Nc4 Nd7 37. a4 1-0

[Event "FIDE World Senior Team Championship 2020"]
[Site "Olympik hotel, Sokolovska 138,"]
[Date "2020.03.06"]
[Round "1.22"]
[White "Kundt, Guenther"]
[Black "Scheckenbach, Franz"]
[Result "0-1"]
[WhiteElo "1747"]
[BlackElo "2101"]
[PlyCount "130"]
[EventDate "2020.03.06"]
[WhiteTeam "GER11"]
[BlackTeam "GER5"]

1. d4 Nf6 2. c4 g6 3. Nc3 Bg7 4. e4 d6 5. Be2 O-O 6. Bg5 c5 7. d5 h6 8. Be3 a6
9. Qd2 Kh7 10. h4 h5 11. f3 b5 12. Nh3 Bxh3 13. Rxh3 bxc4 14. g4 Qc8 15. Rg3
Nbd7 16. f4 Nxg4 17. Bxg4 hxg4 18. O-O-O Nf6 19. Rdg1 Rb8 20. e5 dxe5 21. fxe5
Nh5 22. Rxg4 Bxe5 23. Rxc4 Qf5 24. Rg5 Qf1+ 25. Kc2 Qxc4 26. Rxe5 Rfe8 27. Qf2
Nf6 28. h5 Kg8 29. hxg6 fxg6 30. Qf3 Qb4 31. Nd1 Ng4 32. Re6 Nxe3+ 33. Qxe3 Qg4
34. Qd3 Kf7 35. Qxa6 Qg2+ 36. Kc1 Qxd5 37. Rxg6 Red8 38. Rg1 Qd2+ 39. Kb1 Qd3+
40. Qxd3 Rxd3 41. Kc2 Rf3 42. Rg5 Rc8 43. Nc3 Rf2+ 44. Kb3 c4+ 45. Ka3 Ra8+ 46.
Kb4 Rxb2+ 47. Kxc4 Rc8+ 48. Kd3 Rh2 49. Rg3 e5 50. a4 Ke6 51. Rf3 Rh4 52. Re3
Rd4+ 53. Ke2 Rb8 54. Kf3 Rb3 55. Ne4 Rxe3+ 56. Kxe3 Kd5 57. Nc3+ Kc5 58. a5 Kb4
59. Ne2 Rd5 60. a6 Kc4 61. Ke4 Ra5 62. a7 Rxa7 63. Nc1 Rd7 64. Kxe5 Rd2 65. Ke4
Rc2 0-1

[Event "FIDE World Senior Team Championship 2020"]
[Site "Olympik hotel, Sokolovska 138,"]
[Date "2020.03.06"]
[Round "1.22"]
[White "Arndt, Olaf"]
[Black "Mueggenburg, Rolf"]
[Result "1-0"]
[WhiteElo "1887"]
[BlackElo "1666"]
[PlyCount "45"]
[EventDate "2020.03.06"]
[WhiteTeam "GER5"]
[BlackTeam "GER11"]

1. e4 d6 2. d4 c6 3. Nc3 Nf6 4. Nf3 Bg4 5. Be2 g6 6. O-O Bg7 7. h3 Bxf3 8. Bxf3
O-O 9. Bf4 h6 10. Qe2 Kh7 11. Rad1 Ng8 12. d5 Bxc3 13. bxc3 Qa5 14. e5 dxe5 15.
Qxe5 Qxa2 16. Ra1 Qxc2 17. Be4 Qe2 18. Bxg6+ fxg6 19. Qxe2 Rxf4 20. Qe3 Rf8 21.
Rxa7 Rxa7 22. Qxa7 cxd5 23. Qxb7 1-0

[Event "FIDE World Senior Team Championship 2020"]
[Site "Olympik hotel, Sokolovska 138,"]
[Date "2020.03.06"]
[Round "1.23"]
[White "Jhunjhnuwala, Krishan"]
[Black "Janacek, Jaroslav"]
[Result "1-0"]
[WhiteElo "2341"]
[BlackElo "2056"]
[Annotator "rolkento"]
[PlyCount "39"]
[EventDate "2020.03.06"]
[WhiteTeam "USA3"]
[BlackTeam "CZE15"]

{[%evp 0,56,19,28,74,70,72,72,94,63,44,62,67,57,70,58,66,42,56,72,81,63,68,-92,
35,-183,-14,-18,32,6,64,40,40,51,70,59,111,112,104,104,302,289,302,307,290,293,
325,305,305,293,345,373,391,351,380,372,378,337,377]} 1. e4 d6 2. d4 Nf6 3. Nc3
e5 4. Nf3 Nbd7 5. Bc4 Be7 6. O-O c6 7. a4 Qc7 8. Re1 h6 9. a5 Nf8 10. Qd3 Bg4
11. Ne2 Ng6 12. c3 O-O 13. Ng3 Rae8 14. Bb3 Nh5 15. Nxh5 Bxh5 16. h3 Bxf3 17.
Qxf3 Bg5 18. Bxg5 hxg5 19. Qf5 Qe7 20. Qxg6 1-0

[Event "FIDE World Senior Team Championship 2020"]
[Site "Olympik hotel, Sokolovska 138,"]
[Date "2020.03.06"]
[Round "1.23"]
[White "Jhunjhnuwala, Naresh"]
[Black "Kuda, Pavel"]
[Result "1/2-1/2"]
[WhiteElo "2085"]
[BlackElo "1421"]
[PlyCount "32"]
[EventDate "2020.03.06"]
[WhiteTeam "USA3"]
[BlackTeam "CZE15"]

1. c4 e5 2. Nc3 Nc6 3. e4 Nf6 4. Nf3 d6 5. d4 Bg4 6. d5 Bxf3 7. Qxf3 Nd4 8. Qd3
c5 9. Be2 Be7 10. O-O O-O 11. g3 a6 12. f3 Rb8 13. a4 Qd7 14. Qd1 Ne8 15. Bd3
Nc7 16. Kg2 b5 1/2-1/2

[Event "FIDE World Senior Team Championship 2020"]
[Site "Olympik hotel, Sokolovska 138,"]
[Date "2020.03.06"]
[Round "1.23"]
[White "Micka, Josef"]
[Black "Jhunjhnuwala, Suresh"]
[Result "0-1"]
[WhiteElo "1393"]
[BlackElo "1864"]
[PlyCount "76"]
[EventDate "2020.03.06"]
[WhiteTeam "CZE15"]
[BlackTeam "USA3"]

1. Nf3 d5 2. c4 c6 3. b3 Bf5 4. Bb2 e6 5. g3 Nf6 6. Bg2 Bd6 7. O-O O-O 8. d3
Nbd7 9. Nh4 Bg4 10. Bf3 Bh3 11. Bg2 Bg4 12. Bf3 Bxf3 13. exf3 Be5 14. d4 Bd6
15. Nd2 Be7 16. f4 Ne4 17. Nhf3 Nxd2 18. Qxd2 Nf6 19. Ne5 dxc4 20. bxc4 c5 21.
Rab1 cxd4 22. Bxd4 Qc7 23. f3 Rfd8 24. Rfd1 Rxd4 25. Qb2 Rxd1+ 26. Rxd1 Rd8 27.
Rf1 Nd7 28. Qe2 Nxe5 29. fxe5 Rd4 30. Rc1 Qd7 31. f4 Rd2 32. Qf3 Bc5+ 33. Kh1
Rf2 34. Rd1 Qc7 35. Qe4 Rxa2 36. Rb1 Bb6 37. c5 Qxc5 38. Qxb7 g6 0-1

[Event "FIDE World Senior Team Championship 2020"]
[Site "Olympik hotel, Sokolovska 138,"]
[Date "2020.03.06"]
[Round "1.24"]
[White "Schutte, Andre"]
[Black "Kozak, Milos"]
[Result "0-1"]
[WhiteElo "1827"]
[BlackElo "2174"]
[PlyCount "50"]
[EventDate "2020.03.06"]
[WhiteTeam "RSA"]
[BlackTeam "CZE5"]

1. e4 c6 2. d4 d5 3. e5 Bf5 4. Bd3 Bxd3 5. Qxd3 e6 6. f4 Nh6 7. Nf3 Qb6 8. O-O
c5 9. c3 Nc6 10. Kh1 cxd4 11. Nxd4 Nxd4 12. cxd4 Nf5 13. Rd1 h5 14. Nc3 g6 15.
g3 Rc8 16. a3 Rc4 17. Ne2 Be7 18. b3 Rc6 19. Bb2 O-O 20. Rdc1 Rfc8 21. Rxc6
Qxc6 22. b4 a5 23. Bc3 axb4 24. axb4 Rb8 25. Rb1 Ra8 0-1

[Event "FIDE World Senior Team Championship 2020"]
[Site "Olympik hotel, Sokolovska 138,"]
[Date "2020.03.06"]
[Round "1.24"]
[White "Bartos, Jan"]
[Black "Southey, Andrew M"]
[Result "1-0"]
[WhiteElo "2102"]
[BlackElo "1781"]
[PlyCount "79"]
[EventDate "2020.03.06"]
[WhiteTeam "CZE5"]
[BlackTeam "RSA"]

1. d4 f5 2. g3 Nf6 3. Bg2 g6 4. Nf3 Bg7 5. O-O O-O 6. b3 d6 7. Bb2 Na6 8. c4 c6
9. Nbd2 Qe8 10. Qc2 h6 11. Rfe1 Qf7 12. a3 Nc7 13. Nh4 Nh5 14. f4 g5 15. fxg5
hxg5 16. Nhf3 g4 17. Nh4 Bf6 18. d5 Bxh4 19. gxh4 cxd5 20. cxd5 Nxd5 21. Nc4
Ndf4 22. Qc3 Qf6 23. Qxf6 Nxf6 24. Bh1 Rb8 25. Rac1 Be6 26. Na5 Ne4 27. Bxe4
fxe4 28. Bd4 b6 29. Nc6 Rb7 30. b4 Bd5 31. Be3 e5 32. Bxf4 exf4 33. Red1 Rf5
34. Nd4 Rh5 35. Rc8+ Kf7 36. Rdc1 Kf6 37. Rd8 Ke5 38. Nb5 Rh6 39. Re8+ Re6 40.
Rg8 1-0

[Event "FIDE World Senior Team Championship 2020"]
[Site "Olympik hotel, Sokolovska 138,"]
[Date "2020.03.06"]
[Round "1.24"]
[White "Ohlson, Cecil"]
[Black "Chaloupka, Vladimir"]
[Result "0-1"]
[WhiteElo "1643"]
[BlackElo "2058"]
[PlyCount "80"]
[EventDate "2020.03.06"]
[WhiteTeam "RSA"]
[BlackTeam "CZE5"]

1. e4 c5 2. d3 g6 3. f4 e6 4. Nf3 Bg7 5. Be2 Ne7 6. O-O Nbc6 7. Qe1 O-O 8. Kh1
d5 9. Qh4 Nd4 10. Bd1 Nec6 11. Qh3 Nxf3 12. Qxf3 Nd4 13. Qg3 b6 14. c3 Nc6 15.
Ba4 Ne7 16. Nd2 f5 17. e5 Bb7 18. Nf3 Qc8 19. Qh4 Nc6 20. Bxc6 Bxc6 21. Ng5 h6
22. Nf3 Qd7 23. d4 Rac8 24. Be3 Bb7 25. g4 Ba6 26. Rf2 Bd3 27. Rg1 Qf7 28. gxf5
Qxf5 29. Nd2 Be4+ 30. Nxe4 Qxe4+ 31. Rfg2 Qxe3 32. Rxg6 Qf3+ 33. R1g2 Rc7 34.
Rxh6 Rd7 35. Rh8+ Kf7 36. Rh7 Ke8 37. Qg5 Rff7 38. Qg6 Kd8 39. Qxe6 Qe4 40. Rh4
Qe1+ 0-1

[Event "FIDE World Senior Team Championship 2020"]
[Site "Olympik hotel, Sokolovska 138,"]
[Date "2020.03.06"]
[Round "1.24"]
[White "Chaloupka, Frantisek"]
[Black "Van Schaik, Michael"]
[Result "1-0"]
[WhiteElo "1990"]
[BlackElo "1537"]
[PlyCount "63"]
[EventDate "2020.03.06"]
[WhiteTeam "CZE5"]
[BlackTeam "RSA"]

1. e4 c5 2. Nf3 d6 3. d4 cxd4 4. Nxd4 Nf6 5. Nc3 a6 6. Bg5 e6 7. Qd2 Be7 8.
O-O-O Qc7 9. g3 Nbd7 10. f4 h6 11. Bh4 Nb6 12. Kb1 Bd7 13. Bd3 Rc8 14. Rhe1 Nc4
15. Bxc4 Qxc4 16. e5 dxe5 17. fxe5 Nd5 18. Nxd5 exd5 19. Bxe7 Kxe7 20. e6 Bxe6
21. Nf5+ Kd7 22. Nxg7 Rc6 23. c3 Kc8 24. Qe3 Kb8 25. Qe5+ Ka7 26. Nxe6 Re8 27.
Qd4+ Qxd4 28. Nxd4 Rcc8 29. Rxe8 Rxe8 30. Kc2 Kb6 31. Rf1 Rf8 32. Rf6+ 1-0

[Event "FIDE World Senior Team Championship 2020"]
[Site "Olympik hotel, Sokolovska 138,"]
[Date "2020.03.06"]
[Round "1.25"]
[White "Berg, Anders Hoyer"]
[Black "Hosticka, Frantisek"]
[Result "1-0"]
[WhiteElo "2036"]
[BlackElo "2096"]
[PlyCount "135"]
[EventDate "2020.03.06"]
[WhiteTeam "NOR2"]
[BlackTeam "CZE6"]

1. e4 Nf6 2. e5 Nd5 3. d4 d6 4. c4 Nb6 5. exd6 exd6 6. Nc3 Be7 7. Bd3 Nc6 8.
Nge2 Bg4 9. Be3 O-O 10. b3 Bg5 11. O-O Bxe3 12. fxe3 Qg5 13. Qd2 Bxe2 14. Nxe2
Rae8 15. Rf3 Re7 16. Rg3 Qa5 17. Qc2 g6 18. Nf4 Nb4 19. Qd2 Qa3 20. Be2 a5 21.
Nd3 Nxd3 22. Bxd3 c5 23. Rf1 a4 24. Qc2 axb3 25. axb3 cxd4 26. exd4 Qb4 27. h4
d5 28. h5 Re1 29. Rxe1 Qxe1+ 30. Kh2 Qe7 31. hxg6 fxg6 32. Bxg6 Qh4+ 33. Rh3
Qf4+ 34. g3 Qxd4 35. Bxh7+ Kf7 36. Rh4 Qe5 37. Rf4+ Ke7 38. Rxf8 Kxf8 39. Qf2+
Kg7 40. Qxb6 Qe2+ 41. Kh3 Qf1+ 42. Kh2 Qe2+ 43. Kg1 Kxh7 44. Qxb7+ Kg6 45. Qxd5
Qe3+ 46. Kg2 Qxb3 47. Kh3 Qb1 48. Kg4 Qb3 49. Qd6+ Kg7 50. c5 Qc4+ 51. Kf5 Qf1+
52. Ke6 Qf7+ 53. Ke5 Qh5+ 54. Kd4 Qd1+ 55. Kc4 Qa4+ 56. Kd5 Qa8+ 57. Ke6 Qa2+
58. Kd7 Qa7+ 59. Kc8 Qa1 60. c6 Kg8 61. c7 Qa8+ 62. Kd7 Qa4+ 63. Kd8 Qa5 64.
Ke7 Qg5+ 65. Ke6 Qg6+ 66. Kd7 Qf7+ 67. Kc8 Kh7 68. Qd7 1-0

[Event "FIDE World Senior Team Championship 2020"]
[Site "Olympik hotel, Sokolovska 138,"]
[Date "2020.03.06"]
[Round "1.25"]
[White "Gdovin, Jan"]
[Black "Johnsen, Sylvia"]
[Result "1-0"]
[WhiteElo "2035"]
[BlackElo "1853"]
[PlyCount "69"]
[EventDate "2020.03.06"]
[WhiteTeam "CZE6"]
[BlackTeam "NOR2"]

1. e4 e5 2. Nf3 Nc6 3. Bb5 a6 4. Ba4 Nf6 5. d3 b5 6. Bb3 Be7 7. c3 d6 8. h3 Na5
9. Bc2 c5 10. O-O O-O 11. Re1 Nd7 12. d4 cxd4 13. cxd4 Nc6 14. Nc3 Bf6 15. Be3
g6 16. Nd5 Bg7 17. Rc1 Bb7 18. Bb1 Nxd4 19. Nxd4 Bxd5 20. exd5 exd4 21. Bxd4
Re8 22. Bxg7 Kxg7 23. Qd2 Qf6 24. f4 Nb6 25. b3 Rxe1+ 26. Rxe1 a5 27. g4 Rc8
28. Be4 b4 29. f5 h6 30. fxg6 fxg6 31. Bg2 Rc5 32. Re6 Qa1+ 33. Kh2 Qc3 34. Qf2
Nc8 35. Be4 1-0

[Event "FIDE World Senior Team Championship 2020"]
[Site "Olympik hotel, Sokolovska 138,"]
[Date "2020.03.06"]
[Round "1.25"]
[White "Harstad, Christian"]
[Black "Kalvach, Ladislav"]
[Result "1-0"]
[WhiteElo "1854"]
[BlackElo "1773"]
[PlyCount "61"]
[EventDate "2020.03.06"]
[WhiteTeam "NOR2"]
[BlackTeam "CZE6"]

1. d4 Nf6 2. c4 e6 3. Nc3 Bb4 4. f3 d5 5. a3 Bxc3+ 6. bxc3 O-O 7. cxd5 exd5 8.
e3 c5 9. Bd3 Nc6 10. Ne2 Re8 11. O-O c4 12. Bc2 b5 13. Ng3 a5 14. e4 dxe4 15.
fxe4 Bg4 16. Qd2 Qe7 17. Qg5 Bd7 18. Qh4 h6 19. Bxh6 Nxe4 20. Qxe4 Qxe4 21.
Nxe4 f5 22. Nc5 Bc8 23. Bg5 g6 24. Rfe1 Rxe1+ 25. Rxe1 Kf7 26. d5 Nb8 27. Re7+
Kf8 28. d6 Nc6 29. Bh6+ Kg8 30. d7 Bb7 31. Rg7+ 1-0

[Event "FIDE World Senior Team Championship 2020"]
[Site "Olympik hotel, Sokolovska 138,"]
[Date "2020.03.06"]
[Round "1.26"]
[White "Sobotka, Jiri"]
[Black "Netusil, Miloslav"]
[Result "0-1"]
[WhiteElo "1875"]
[BlackElo "2151"]
[PlyCount "72"]
[EventDate "2020.03.06"]
[WhiteTeam "CZE16"]
[BlackTeam "CZE7"]

1. e4 e6 2. d4 c5 3. Nf3 cxd4 4. Nxd4 Nf6 5. Bd3 Nc6 6. Be3 d5 7. Nxc6 bxc6 8.
exd5 cxd5 9. O-O Be7 10. Bb5+ Bd7 11. Nc3 O-O 12. Qe2 Qa5 13. Bxd7 Nxd7 14. Bd2
Rac8 15. Rfc1 Rfe8 16. Nd1 Qb6 17. Qe3 Qa6 18. Bc3 e5 19. Qf3 d4 20. Bd2 Nc5
21. Bb4 e4 22. Qg4 g6 23. Qh3 Qe2 24. g3 Ne6 25. Bxe7 Rxe7 26. c3 Rec7 27. Qf1
Qh5 28. h4 Qg4 29. Kh2 Kh8 30. Qh3 Qe2 31. Kg1 g5 32. Qf5 gxh4 33. Qf6+ Kg8 34.
Qxh4 Rc5 35. Kg2 Qf3+ 36. Kf1 Rh5 0-1